000 00267nam a22001217a 4500
008 180122b xxu||||| |||| 00| 0 eng d
041 _aeng
080 _211 ED
_a34
100 _a14
101 _aJUR
245 _aSECURITIES REGULATION
_cJOHN.C.C
942 _2udc
_cBK
999 _c40644
_d40644